000 00612nam a22002417a 4500
003 UA-OsUOA
001 83559
007 ta
008 20120422b un ||||| |||| 00| 0 ukr d
100 _aБиков В.
090 _a821.161.2
_bБ60
942 _cBK
040 _aUA-OsUOA
_bukr
_cUA-OsUOA
_dUA-OsUOA
245 _aКруглянський міст
300 _a320 с.
955 _a3
041 _aukr
080 _a821.161.2
020 _a978-966-8314-72-8
260 _aК.
_bКнига
_c2011
650 7 _a82 Література. Літературознавство
_2UDC
999 _c369867
_d369867